Countries Starting with A - 30 Second Sprint - Statistics

General Stats
  • This quiz has been taken 40 times
  • The average score is 9 of 11
Answer Stats
country % Correct
Armenia
91%
Albania
85%
Argentina
85%
Australia
85%
Austria
85%
Azerbaijan
82%
Afghanistan
76%
Angola
76%
Algeria
71%
Andorra
68%
Antigua and Barbuda
65%
No matching quizzes found
Score Distribution
Percent of People with Each Score
Percentile by Number Answered
Your Score History
You have not taken this quiz